Marines ayant des porte-avions. - Statistiques

Statistiques générales
  • Ce quiz a été pris 869 fois
    75 depuis la dernière actualisation
  • Le résultat moyen est 12 sur 15
Statistiques - réponses
Total Marines % Correct
21 États-Unis
100%
2 Chine
100%
4 France
99%
4 Royaume-Uni
99%
4 Japon
94%
1 Russie
94%
1 Inde
90%
1 Brésil
90%
2 Italie
87%
1 Espagne
84%
2 Australie
80%
2 Corée du sud
74%
2 Égypte
57%
1 Algérie
46%
1 Thailande
37%
Aucun quiz correspondant
Distribution des résultats
% des personnes avec chaque résultat
Percentile par nombre de réponses
Votre historique - résultats
Vous n’avez pas pris ce quiz depuis la dernière actualisation